[Event "Chiclayo Fischer Memorial 1st"]
[Site "Chiclayo"]
[Date "2019.03.31"]
[Round "5.12"]
[White "Silva Enciso, Juan Pablo"]
[Black "Serquen Lingan, Ernesto Alejandro"]
[Result "1/2-1/2"]
[WhiteElo "1201"]
[BlackElo "1088"]
[PlyCount "50"]
[EventDate "2019.03.30"]
[EventType "swiss"]
[EventRounds "6"]
[EventCountry "PER"]
[SourceTitle "EXT 2024"]
[Source "ChessBase"]
[SourceDate "2023.10.10"]
[SourceVersion "1"]
[SourceVersionDate "2023.10.10"]
[SourceQuality "1"]

1. e4 e5 2. Nf3 Nc6 3. Bb5 a6 4. Ba4 b5 5. Bb3 Nf6 6. 0-0 d6 7. Re1 Na5 8. c3 Nxb3 9. axb3 Be7 10. h3 Bb7 11. d3 0-0 12. Bg5 h6 13. Bxf6 Bxf6 14. Nbd2 Re8 15. c4 Qd7 16. Nf1 c6 17. Ng3 d5 18. Rc1 d4 19. Nf5 Qd8 20. c5 Bc8 21. Nd6 Re7 22. Nh2 Bg5 23. Rc2 Be6 24. Rce2 a5 25. Nf3 Bf6 1/2-1/2